📖 150 premiers mots"La petite FĂȘlĂ©e aux allumettes"Monfils - Statistiques

Statistiques générales
  • Ce quiz a Ă©tĂ© pris 17 fois
  • Le rĂ©sultat moyen est 76 sur 150
Statistiques - réponses
Mots % Correct
A
100%
a
100%
l'
100%
L'
100%
la
100%
Pandore,
100%
au
93%
d'
93%
elle
93%
Elle
93%
en
93%
Et
93%
et
93%
il
93%
Il
93%
le
93%
les
93%
Nake
93%
petit
93%
qui
93%
un
93%
Un
93%
y
93%
de
86%
des
86%
par
86%
sa
86%
se
86%
ses
86%
aux
79%
Ben
79%
pour
79%
avait
71%
dans
71%
était
71%
pas
71%
Avec
64%
bien
64%
quoi ?
64%
sur
64%
comme
57%
lui
57%
trop
57%
peu.
50%
nuits
43%
pieds
43%
vie !
43%
bras,
36%
habitude.
36%
mĂšre
36%
eau.
29%
noir,
29%
pĂšre
29%
bord
21%
plein
21%
putain
21%
couches. ...
14%
depuis
14%
envie
14%
flaques
14%
folle
14%
Juste
14%
moment.
14%
morte
14%
premier
14%
étoiles.
7%
herbe
7%
inconnu,
7%
Mélange
7%
née
7%
néons
7%
promis
7%
suivait
7%
trottoirs
7%
verre
7%
VĂȘtue
7%
bordels
0%
bottines,
0%
calin
0%
cervelle.
0%
enfer.
0%
enfermés
0%
épaves
0%
fluo,
0%
laquées
0%
manqué
0%
moche
0%
nibards.
0%
payé
0%
pétard
0%
pétards.
0%
pieuvre
0%
piquer
0%
planant.
0%
plouc
0%
pointes
0%
ramassé
0%
reluqué
0%
rongeait
0%
rose
0%
rousse
0%
semblait
0%
serpentent
0%
surgir
0%
tatouée
0%
tignasse
0%
titubait
0%
transpercées
0%
trip,
0%
venu,
0%
violette
0%
vodka
0%
Aucun quiz correspondant
Distribution des résultats
% des personnes avec chaque résultat
Percentile par nombre de réponses
Votre historique - résultats
Vous n’avez pas pris ce quiz